100 Biggest Cities in Montana on a Map - Statistics

General Stats
  • This quiz has been taken 40 times
    36 since last reset
  • The average score is 35 of 100
Answers on the Map
Answers color-coded by a green-red scale on the quiz's map according to % correct below.
 
Answer Stats
Population City % Correct
32,091 Helena
100%
117,116 Billings
96%
73,489 Missoula
96%
53,293 Bozeman
93%
34,494 Butte-Silver Bow
93%
60,442 Great Falls
89%
24,558 Kalispell
86%
9,421 Anaconda-Deer Lodge
79%
10,460 Belgrade
75%
7,751 Whitefish
75%
9,362 Havre
71%
8,354 Miles City
64%
8,040 Livingston
57%
3,591 Big Sky
54%
2,938 Deer Lodge
54%
4,873 Glendive
54%
5,952 Lewistown
54%
5,308 Columbia Falls
50%
3,880 Dillon
50%
3,202 Glasgow
50%
4,659 Hamilton
50%
2,775 Libby
50%
2,257 Red Lodge
50%
3,169 Shelby
46%
6,346 Sidney
46%
1,272 West Yellowstone
46%
7,222 Laurel
43%
1,860 Malta
43%
5,148 Polson
43%
1,018 Browning
39%
1,944 East Helena
39%
4,399 Lolo
39%
1,802 Baker
36%
1,857 Columbus
36%
2,318 Conrad
36%
3,056 Cut Bank
36%
3,818 Hardin
36%
955 White Sulphur Springs
36%
1,380 Eureka
32%
1,647 Forsyth
32%
2,918 Montana City
32%
2,002 Stevensville
32%
1,336 Thompson Falls
32%
1,989 Three Forks
32%
1,650 Big Timber
29%
1,721 Choteau
29%
1,851 Clancy
29%
2,086 Manhattan
29%
1,006 Whitehall
29%
2,517 Wolf Point
29%
1,125 Corvallis
25%
1,657 Crow Agency
25%
2,465 East Missoula
25%
1,449 Fort Benton
25%
5,901 Four Corners
25%
967 Gallatin Gateway
25%
7,195 Lockwood
25%
1,106 Plains
25%
1,669 Plentywood
25%
1,955 Ronan
25%
1,742 Roundup
25%
1,787 Townsend
25%
5,118 Bigfork
21%
1,201 Boulder
21%
1,185 Chinook
21%
1,018 Clinton
21%
8,149 Evergreen
21%
1,958 Frenchtown
21%
3,813 Helena Valley Northeast
21%
4,705 Helena Valley Northwest
21%
9,168 Helena Valley Southeast
21%
8,670 Helena Valley West Central
21%
2,705 Lakeside
21%
2,138 Pablo
21%
999 Scobey
21%
1,682 Seeley Lake
21%
1,103 Wheatland
21%
2,096 Colstrip
18%
1,567 Fort Belknap Agency
18%
955 Harlowton
18%
1,206 Helena Flats
18%
1,331 Helena West Side
18%
1,897 Lame Deer
18%
998 Lincoln
18%
2,653 North Browning
18%
5,377 Orchard Homes
18%
1,049 Somers
18%
949 Black Eagle
14%
1,030 Churchill
14%
4,131 Malmstrom AFB
14%
1,119 Marion
14%
1,023 Park City
14%
1,615 Sun Prairie
14%
1,000 Absarokee
11%
1,690 Bonner-West Riverside
11%
996 Hays
11%
1,549 King Arthur Park
11%
1,042 Rocky Boy West
11%
1,970 South Browning
11%
1,998 West Glendive
7%
No matching quizzes found
Score Distribution
Percent of People with Each Score
Percentile by Number Answered
Your Score History
You have not taken this quiz since the last reset